000 00327nam a2200133Ia 4500
005 20260328101530.0
008 260328s9999||||xx |||||||||||||| ||und||
100 _aEdwards, Brian
245 0 _aGreen Architecture /
_cBrian Edwards
260 _bWiley/Academy
300 _a112 p.
650 _aARQUITECTURA Y CLIMA
942 _cBK
999 _c9949
_d9949